Lenin /

Hlavní autor: Hons, Václav, 1938-
Jazyk: Čeština
Vydáno: Praha : Mladá fronta, 1977
Vydání: 1. vyd.
Témata:
Externí odkaz: Digitalizovaný dokument
Fyzický popis: 254 s.
Knihy
Uloženo v:
LEADER 00936nam a22002652a 4500
001 000419795
003 CZ BrMZK
005 20130624112305.0
007 ta
008 990307s1977 xr f cze d
015 |a cnb000140018 
035 |a (OCoLC)85253046 
040 |a BOA001  |b cze 
044 |a xr 
100 1 |a Hons, Václav,  |d 1938-  |7 jk01041939  |4 aut 
245 1 0 |a Lenin /  |c Václav Hons 
250 |a 1. vyd. 
260 |a Praha :  |b Mladá fronta,  |c 1977 
300 |a 254 s. 
856 4 1 |u http://www.digitalniknihovna.cz/mzk/uuid/uuid:ff69f3f0-de2b-11e2-9923-005056827e52  |y Digitalizovaný dokument  |x NDK 
910 |a BOA001  |b PK-0081.126  |b 3-0779.152 
964 |a Lenin, Vladimir Il'jič - 1870-1924 - básně 
990 |a BK 
996 6 |b 2619114361  |c 3-0779.152  |l MZK  |r Sklad / do 1 hodiny  |n 0  |w 000419795  |u 000020  |a 1  |e BOA001  |j MZK50  |s P 
996 7 |b 3119825786  |c PK-0081.126  |l MZK  |r Sklad / do 1 hodiny  |n 3  |w 000419795  |u 000010  |a 1  |e BOA001  |j MZK50  |s A